Hradecký program na stránkach denního tisku Duben 1947 - březen 1948

Na minha lista:
Detalhes bibliográficos
Formato: Livro
Idioma:tcheco
Publicado em: Praha Stát. ústř. archiv 1988
Edição:1. vyd.
Tags: Adicionar Tag
Sem tags, seja o primeiro a adicionar uma tag!

MARC

LEADER 00000nam a2200000 4500
001 c036059
005 20221219085201.1
041 0 |a cze 
044 |a CZ 
245 1 0 |a Hradecký program na stránkach denního tisku  |b Duben 1947 - březen 1948 
250 |a 1. vyd. 
264 1 |a Praha  |b Stát. ústř. archiv  |c 1988 
300 |a 75 s.